000 01275nam a22002297a 4500
005 20220317152814.0
008 220316b ||||| |||| 00| 0 eng d
020 _a9781292112541
040 _cAL
041 _aeng
082 _223
_a530
_bYOUS
100 _aHugh D Young
_923821
245 _aSears and Zemanskys College Physics
250 _a10th ed.
260 _aEngland
_bPearson
_c2016
300 _a1095p.
_bPB
_c28x23cm.
365 _2General
_aABDI/0565/22
_b₹4605.85
_c
_d₹6141.14
_e25%
_f07/03/2022
520 _aBringing the best of physics education research to a trusted and classic text For more than five decades, Sears and Zemansky's College Physics has provided the most reliable foundation of physics education for students around the world. New coauthors Phil Adams and Ray Chastain thoroughly revised the 10th Edition by incorporating the latest methods from educational research. New features help students develop greater confidence in solving problems, deepen conceptual understanding, and strengthen quantitative-reasoning skills, while helping them connect what they learn with their other courses and the changing world around them.
650 _2Physics
700 _aAdams, Philip W;Chastain ,Raymond J
_923822
942 _2ddc
_cBK
999 _c221899
_d221899